[Event "ch-GBR"]
[Site "Torquay ENG"]
[Date "2002.08.07"]
[Round "9"]
[White "Sandipan,C"]
[Black "Tan,D"]
[Result "1-0"]
[WhiteElo "2507"]
[BlackElo "2292"]
[EventDate "2002.07.29"]

1. e4 c5 2. Nf3 d6 3. d4 cxd4 4. Nxd4 Nf6 5. Na3 g6 6. f3 Bg7 7. Be3 O-O 8.
Qd2 Nc6 9. Bc4 Bd7 10. O-O-O Rb8 11. Bb3 Na5 12. Bh6 b5 13. h4 Nc4 14. Qg5
Nh5 15. Bxg7 Kxg7 16. Bxc4 bxc4 17. g4 h6 18. Qe3 Nf6 19. e5 Ne8 20. h5 g5
21. f4 gxf4 22. Qxf4 Qa5 23. Rde1 Qb6 24. g5 hxg5 25. Qxg5+ Kh7 26. e6 Qxd4
27. exd7 Qf6 28. Qe3 Ng7 29. Qxe7 Qxe7 30. Rxe7 Nf5 31. Ree1 Rbd8 32. Nb5
Kh6 33. Rhf1 Ng7 34. Rf6+ Kxh5 35. Rh1+ 1-0